Statystyki dla Miasta w Polsce na literę G

Kliknij tutaj aby rozwiązać quiz!

Ogólne statystyki

  • Ten quiz został rozwiązany 74 razy
  • Średni wynik to 20 z 49

Statystyki odpowiedzi

Skrót WojewództwaMiasto% Poprawnych
PMGdańsk
96%
PMGdynia
96%
ŚLGliwice
85%
LBGorzów Wielkopolski
85%
KPGrudziądz
81%
WPGniezno
72%
Głogów
70%
MZGrodzisk Mazowiecki
70%
WNGiżycko
60%
WPGrodzisk Wielkopolski
58%
MAGorlice
57%
WPGostyń
55%
ZPGoleniów
53%
Góra
53%
MZGarwolin
51%
WNGołdap
51%
ZPGryfice
51%
ZPGryfino
51%
MZGostynin
47%
PDGrajewo
47%
ŁDGłowno
45%
OPGłubczyce
45%
MZGrójec
43%
OPGłuchołazy
42%
KPGolub-Dobrzyń
40%
PMGniew
38%
LBGubin
36%
MAGrybów
34%
OPGogolin
30%
OPGłogówek
28%
MZGóra Kalwaria
25%
PKGłogów Małopolski
23%
KPGniewkowo
23%
OPGorzów Śląski
23%
Gryfów Śląski
23%
MZGąbin
21%
MZGlinojeck
21%
Głuszyca
19%
OPGrodków
17%
KPGórzno
15%
WPGołańcz
13%
ZPGolczewo
13%
PDGoniądz
13%
ZPGościno
11%
WPGolina
9%
LUGoraj
9%
WPGrabów nad Prosną
9%
WNGórowo Iławieckie
6%
LBGozdnica
6%

Rozkład punktacji

Percentyl według liczby udzielonych odpowiedzi

Procent ludzi z każdym wynikiem

Twoja historia wyników

Nie rozwiązałeś tego quizu